Falsafah dan pengetahuan Islam / (Record no. 1204)
[ view plain ]
| 000 -LEADER | |
|---|---|
| fixed length control field | nam a22 a 4500 |
| 005 - DATE AND TIME OF LATEST TRANSACTION | |
| control field | 20170508153951.0 |
| 008 - FIXED-LENGTH DATA ELEMENTS--GENERAL INFORMATION | |
| fixed length control field | 170508b1979 my ||||| |||| 00| 0 m d |
| 040 ## - CATALOGING SOURCE | |
| Original cataloging agency | AKMAL |
| 082 ## - DEWEY DECIMAL CLASSIFICATION NUMBER | |
| Edition number | 22 |
| Classification number | 297.5 JAL |
| 090 ## - LOCALLY ASSIGNED LC-TYPE CALL NUMBER (OCLC); LOCAL CALL NUMBER (RLIN) | |
| Classification number (OCLC) (R) ; Classification number, CALL (RLIN) (NR) | 297.5 |
| Local cutter number (OCLC) ; Book number/undivided call number, CALL (RLIN) | JAL |
| 100 ## - MAIN ENTRY--PERSONAL NAME | |
| Personal name | Abdul Jalil Hassan |
| Dates associated with a name | 1914-1990 |
| 9 (RLIN) | 2425 |
| 245 ## - TITLE STATEMENT | |
| Title | Falsafah dan pengetahuan Islam / |
| Statement of responsibility, etc. | Tan Sri Prof Abdul Jalil Hassan |
| 250 ## - EDITION STATEMENT | |
| Edition statement | Ed. ke 2 |
| 260 ## - PUBLICATION, DISTRIBUTION, ETC. | |
| Place of publication, distribution, etc. | Kuala Lumpur |
| Name of publisher, distributor, etc. | DBP, Kementerian Pelajaran Malaysia |
| Date of publication, distribution, etc. | 1979 |
| 300 ## - PHYSICAL DESCRIPTION | |
| Extent | x, 59p. |
| Dimensions | 22cm |
| 505 ## - FORMATTED CONTENTS NOTE | |
| Formatted contents note | Mengandungi ayat-ayat dari Quran |
| 650 ## - SUBJECT ADDED ENTRY--TOPICAL TERM | |
| Topical term or geographic name entry element | Philosophy, Islamic |
| 9 (RLIN) | 874 |
| 942 ## - ADDED ENTRY ELEMENTS (KOHA) | |
| Source of classification or shelving scheme | |
| Koha item type | Book |
| Withdrawn status | Lost status | Source of classification or shelving scheme | Damaged status | Not for loan | Collection code | Home library | Current library | Shelving location | Date acquired | Inventory number | Total Checkouts | Full call number | Barcode | Date last seen | Price effective from | Koha item type |
|---|---|---|---|---|---|---|---|---|---|---|---|---|---|---|---|---|
| NON-FICTION | AKMAL Melaka | AKMAL Melaka | PINJAMAN | 08.05.2017 | 200066 | 297.5 JAL | 201702299 | 08.05.2017 | 08.05.2017 | Book |
